| 000 | 01114nam0a22002531 4500 | ||
|---|---|---|---|
| 001 | rc\830747 | ||
| 005 | 20041129091833.9 | ||
| 035 | _a(NLR Aleph) 006012784 | ||
| 090 |
_a7346026 _c7346026 |
||
| 100 | _a20041129d1983 u |0rusy50 ca | ||
| 101 | 0 | _arus | |
| 102 | _aRU | ||
| 105 | _aa ||||||||| | ||
| 200 | 1 |
_aДискретные системы управления _eКонспект лекций [для студентов спец. 0636 "Автоматизация и комплекс. механизация машиностроения", 0606 "Автоматика и телемеханика", 0608 "Электрон. вычисл. машины"] |
|
| 210 |
_aВладимир _cВПИ _d1983 |
||
| 215 |
_a64 с. _cил. _d20 |
||
| 300 | _aВ надзаг.: М-во высш. и сред. спец. образования РСФСР. Владимир. политехн. ин-т | ||
| 320 | _aБиблиогр.: с. 4 | ||
| 700 | 1 |
_aЗотеев _bА. И. _gАльберт Иванович |
|
| 801 | 0 |
_aRU _bNLR _gpsbo |
|
| 801 | 1 |
_aRU _bELAR _2rusmarc |
|
| 852 |
_aNLR _j84-4/7626 |
||
| 942 | _cBOOK | ||
| 980 | _aNB | ||